000
002780000a22000970004500
100
1
_a
Blois, Kees de
245
1
0
_a
El idioma como un instrumento vivo
300
_a
Vol.60, núm.277 (Noviembre, diciembre, 2005), Páginas 13-14
773
0
_t
La Biblia de las Américas
942
_c
ANA
999
_c
61620
_d
61620